• 首页
  • 本馆介绍
  • 公告通知
  • 最新文献
  • 馆藏检索
  • 电子资源
  • 读者导购
  • 参考咨询
  • 我的图书馆
  • 登录
  • 详细信息显示
  • 放入我的书架
  • 预约/预借图书
  • 作者相关作品
  • 分类相关作品
  • 丛书相关作品
  • 出版社相关作品

书目信息

  • 表格格式
  • 工作单格式
  • 卡片格式
题名:
黄帝内经·灵枢译注
    
 
作者: 苏颖 译注
分册:  
出版信息: 哈尔滨   黑龙江人民出版社  2003
页数: 492页
开本: 22cm
丛书名: 二十二子详注全译
单 册:
中图分类: R221.2
科图分类:
主题词:
电子资源:
ISBN: 7-207-04394-5
000 00733oam2 2200253 450
001 05002241370
005 20051229152847.90
010    @a7-207-04394-5@dCNY509.10(全套)
092    @aCN
100    @a20050627e20042003ekmy0chiy0120 ea
101 0  @achi
102    @aCN@b230000
105    @ay z 000yy
200 1  @a黄帝内经·灵枢译注@9huang di nei jing · ling shu yi zhu@f苏颖译注@Fsu ying yi zhu
210    @a哈尔滨@c黑龙江人民出版社@d2003@h2004重印
215    @a492页@d22cm
225 2  @a二十二子详注全译@f韩格平,董莲池主编
461  0 @12001 @a二十二子详注全译
605    @a灵枢经@x译文
690    @aR221.2@v4
701  0 @a苏颖@9su ying@4译注
801  0 @aCN@bNLC@c20051229
905    @a10447@dR221.2@e129
999    @aHSJ
    
    黄帝内经·灵枢译注/苏颖译注.-哈尔滨:黑龙江人民出版社,2003(2004重印)
    492页;22cm.-(二十二子详注全译/韩格平,董莲池主编)
    
    
    ISBN 7-207-04394-5:CNY509.10(全套)
    
●
相关链接 在E读中查询图书 在五车中查询图书 在当当中查询图书 在豆瓣中查询图书


正题名:黄帝内经·灵枢译注     索取号:R221.2/129         预约/预借

序号 登录号 条形码 馆藏地/架位号 状态 备注
1 0369769   203697696   第二样本阅览室/ [索取号:R221.2/129] 在馆    
2 0369770   203697703   第三借阅区/ [索取号:R221.2/129] 在馆    
3 0373140   203731408   第三借阅区/ [索取号:R221.2/129] 在馆    
4 0373141   203731417   第三借阅区/ [索取号:R221.2/129] 在馆    
5 0373142   203731426   第三借阅区/ [索取号:R221.2/129] 在馆    
唐山师范学院图书馆 欢迎您!
大连网信软件有限公司© 版权所有